| 000 | 01184cam a22003015a 4500 | ||
|---|---|---|---|
| 001 | 15361531 | ||
| 005 | 20080926180035.0 | ||
| 008 | 080710s2008 maua b 001 0 eng d | ||
| 010 | _a 2008299928 | ||
| 020 | _a9780205546954 | ||
| 020 | _a0205546951 | ||
| 035 | _a(OCoLC)ocn148797559 | ||
| 040 |
_aBTCTA _cBTCTA _dBAKER _dYDXCP _dTXA _dCUY _dDLC |
||
| 042 | _alccopycat | ||
| 050 | 0 | 0 |
_aHA32 _b.S74 2008 |
| 082 |
_2 22 _a005.55 _bSTE |
||
| 100 | 1 |
_aStern, Leonard _q(Leonard D.) |
|
| 245 | 1 | 2 |
_aA visual approach to SPPS for Windows : _bA guide to SPSS 15.0 / _cLeonard Stern. |
| 246 | 1 | 4 | _aVisual approach to SPSS for Windows |
| 260 |
_aPearson : _bBoston, _cc2008. |
||
| 300 |
_axiii, 411 p. : _bill. ; _c28 cm. |
||
| 504 | _aIncludes bibliographical references and index. | ||
| 630 | 0 | 0 | _aSPSS for Windows. |
| 650 | 0 |
_aSocial sciences _xStatistical methods _xComputer programs. |
|
| 942 |
_2ddc _cBB |
||
| 999 |
_c10968 _d10968 |
||